Arkitek dan kerjaya pilihan

Bibliographic Details
Main Author: Roslily Nasir
Format: Book
Published: Kuala Lumpur : Penerbitan Hartamas , 1997
Series:Siri kerjaya pilihan
Subjects:

MARC

LEADER 00000cam a2200000 7i4500
001 0000055257
005 20151117.0
008 151117
020 |a 9830341011(set) 
020 |a 9830341038 
090 0 0 |a 331.76   |b ROS 
100 1 |a Roslily Nasir 
245 1 0 |a Arkitek dan kerjaya pilihan   |c Roslily Nasir 
260 |a Kuala Lumpur :   |b Penerbitan Hartamas ,   |c 1997 
300 |a 37pg. :   |b col. ill. 
490 1 |a Siri kerjaya pilihan 
650 0 |a Architects   |x Vocational guidance 
999 |a 0000796151   |b Book   |c Adult Collection   |e Cawangan Segamat 
999 |a 0000798048   |b Book   |c Adult Collection   |e Cawangan Pontian 
999 |a 0000803334   |b Book   |c Adult Collection   |e Cawangan Pontian 
999 |a 0000803335   |b Book   |c Adult Collection   |e Cawangan Tmn. Ungku Tun Aminah 
999 |a 0000818158   |b Book   |c Adult Collection   |e Cawangan Bandar Penawar